| 000 | 01334cam a2200277 i 4500 | ||
|---|---|---|---|
| 003 | SA-RiAUC | ||
| 005 | 20250817041736.0 | ||
| 008 | 250808s1985____su g 000 0 ara c | ||
| 040 |
_aKAPL _bara _cSA-RiAUC _erda |
||
| 043 | _aa-su--- | ||
| 082 | 0 | 4 |
_a953.021 _qSA-RiAUC |
| 090 |
_a953.021 _bع م ر |
||
| 100 | 1 |
_aالعمري، عبد العزيز بن إبراهيم بن سليمان، _d1376 هجري- _eمؤلف. |
|
| 245 | 1 | 2 |
_aالحرف والصناعات في الحجاز في عصر الرسول صلى الله عليه وسلم / _cعبد العزيز إبراهيم العمري. |
| 250 | _aالطبعة الأولى. | ||
| 264 | 1 |
_aالرياض : _bعبد العزيز بن إبراهيم بن سليمان العمري، _c1985. |
|
| 300 |
_a384 صفحة ؛ _c24 سم |
||
| 336 |
_aنص _btxt _2rdacontent _3كتاب |
||
| 337 |
_aبدون وسيط _bn _2rdamedia |
||
| 338 |
_aمجلد _bnc _2rdacarrier |
||
| 500 | _aاهداء من المؤلف | ||
| 650 | 7 |
_aالصناعات اليدوية _zالسعودية _zالحجاز _yعصر صدر الإسلام، 13 قبل الهجرة-41 هجري _2aucsh |
|
| 651 | 7 |
_aالحجاز (السعودية) _xصناعات _yعصر صدر الإسلام، 13 قبل الهجرة-41 هجري _2aucsh |
|
| 942 |
_2ddc _cBOOK _n0 |
||
| 949 |
_aSA-JeALM _d250808 _umohamedma123 _n1 |
||
| 999 |
_c10855 _d10855 |
||